| 000 | 00798nam a22002057a 4500 | ||
|---|---|---|---|
| 008 | 090129t xxu||||| |||| 00| 0 eng d | ||
| 010 | _aENG-92673 | ||
| 020 |
_c545.00 _a9780195693515 |
||
| 035 | _aEN-76206 | ||
| 037 | _bDBAD / PUB | ||
| 040 |
_adpl _bEnglish |
||
| 082 | _a338.954 | ||
| 245 |
_aIndia development report 2008 / _cedited by R. Radhakrishna |
||
| 260 |
_aNew Delhi q _bOxford University Press _c2008 |
||
| 270 |
_aYMCA Library Building, Jai Singh Road, _bNew Delhi _e110001 |
||
| 300 |
_axxi, 291p. _c28cm (pbk) |
||
| 700 | _aRadhakrishna, R. | ||
| 942 |
_2ddc _cEN _mIND _h338.954 |
||
| 999 |
_c22571 _d22571 |
||